Faculty of Law Library — Cairo University

Official Online Catalog

La garantie internationale des Droits de l'homme : (Record no. 66481)

MARC details
000 -LEADER
fixed length control field 01165nab a2200337 i 4500
003 - CONTROL NUMBER IDENTIFIER
control field EG-GICUC
005 - DATE AND TIME OF LATEST TRANSACTION
control field 20260321222848.0
008 - FIXED-LENGTH DATA ELEMENTS--GENERAL INFORMATION
fixed length control field 260321s1950 fr |||||r|||| 00| 0 fre d
040 ## - CATALOGING SOURCE
Original cataloging agency EG-GICUC
Transcribing agency EG-GICUC
Modifying agency EG-GICUC
Description conventions rda
Language of cataloging fre
041 ## - LANGUAGE CODE
Language code of text/sound track or separate title fre
082 04 - DEWEY DECIMAL CLASSIFICATION NUMBER
Classification number 341.48
Edition number 21
Item number BR.G
092 04 - LOCALLY ASSIGNED DEWEY CALL NUMBER (OCLC)
Edition number 21
099 ## - LOCAL FREE-TEXT CALL NUMBER (OCLC)
Classification number Law1 11 341.48 BR.G 1950
100 1# - MAIN ENTRY--PERSONAL NAME
Personal name Brunet , René
Relator term Auteur
245 02 - TITLE STATEMENT
Title La garantie internationale des Droits de l'homme :
Remainder of title Depuis la Charte de San Francisco /
Statement of responsibility, etc. René Brunet.
264 01 - PRODUCTION, PUBLICATION, DISTRIBUTION, MANUFACTURE, AND COPYRIGHT NOTICE
Place of production, publication, distribution, manufacture Paris :
Name of producer, publisher, distributor, manufacturer Revue égyptienne de droit international ,
Date of production, publication, distribution, manufacture, or copyright notice 1950 .
300 ## - PHYSICAL DESCRIPTION
Extent 62 Pages ;
Dimensions 25 cm.
Other physical details illustration ;
336 ## - CONTENT TYPE
Source rda content
Content type term Text
337 ## - MEDIA TYPE
Source rda media
Media type term unmediated
338 ## - CARRIER TYPE
Source rda carrier
Carrier type term volume
362 0# - DATES OF PUBLICATION AND/OR SEQUENTIAL DESIGNATION
Dates of publication and/or sequential designation .
504 ## - BIBLIOGRAPHY, ETC. NOTE
Bibliography, etc. note Bibliography: pages 200-250. 240-220
546 ## - LANGUAGE NOTE
Language note Texte en français
650 1# - SUBJECT ADDED ENTRY--TOPICAL TERM
Topical term or geographic name entry element Droits de l’homme
Source of heading or term qrmak
650 1# - SUBJECT ADDED ENTRY--TOPICAL TERM
Topical term or geographic name entry element Droit international
Source of heading or term qrmak
651 1# - SUBJECT ADDED ENTRY--GEOGRAPHIC NAME
Source of heading or term qrmak
773 ## - HOST ITEM ENTRY
Title المجلة المصرية للقانون الدولي.
Related parts المجلد السادس.
Record control number 50949
856 ## - ELECTRONIC LOCATION AND ACCESS
Uniform Resource Identifier <a href="https://fll.law.cu.edu.eg/fulltext/cr/B11-09214.pdf">https://fll.law.cu.edu.eg/fulltext/cr/B11-09214.pdf</a>
905 ## - Cataloger and Reviser Names
Cataloger Name: Hager Sameh
942 ## - ADDED ENTRY ELEMENTS (KOHA)
Source of classification or shelving scheme Dewey Decimal Classification
Koha item type Articles
Suppress in OPAC No
Edition 21
Holdings
Withdrawn status Lost status Source of classification or shelving scheme Damaged status Not for loan Collection Home library Current library Date acquired Total checkouts Full call number Barcode Date last seen Copy number Price effective from Koha item type
    Dewey Decimal Classification     القانون الدولي العام جــــامعة القــاهرة مكتبة كلية الحقوق - المبنى الرئيسي 22.03.2026   Law1 11 341.48 BR.G 1950 1109214 C1 B11-09214 21.03.2026 1 21.03.2026 Books

© All rights reserved — Faculty of Law, Cairo University